000 00645nam a2200241Ia 4500
003 OSt
005 20220925215259.0
006 a|||||r|||| 00| 0
007 ta
008 220923b |||||||| |||| 00| 0 eng d
020 _a0435847759
037 _cGeneral Book
040 _aRTL
_cRTL
_beng
041 _2eng
_aeng
082 _aX9(F55):75.3.N, L3
100 _aReid G L
_9127586
245 0 _aNationalized fuel industries
260 _aLondon
_bHeinemann Educational U K
_c1973
300 _avi,264p.
_ccm.
650 _aFuel
942 _hX9(F55):75.3.N, L3
_cGB
_2CC
999 _c568349
_d568349